Libros y grabados en el fondo de origen de la Biblioteca Nacional (Record no. 3)

MARC details
000 -CABECERA
campo de control de longitud fija 00932nam a2200253 a 4500
001 - NÚMERO DE CONTROL
campo de control BRCA_3
005 - FECHA Y HORA DE LA ÚLTIMA TRANSACCIÓN
campo de control 20190320202834.0
008 - DATOS DE LONGITUD FIJA--INFORMACIÓN GENERAL
campo de control de longitud fija 020805s1988----mx-a---###---#000-0#spa-d
020 ## - NÚMERO INTERNACIONAL ESTÁNDAR DEL LIBRO
Número Internacional Estándar del Libro 9688371815
050 #4 - SIGNATURA TOPOGRÁFICA DE LA BIBLIOTECA DEL CONGRESO
Número de clasificación Z5949
Número de documento/Ítem .B34
-- 1988
100 1# - ENTRADA PRINCIPAL--NOMBRE DE PERSONA
Nombre de persona Báez Macías, Eduardo
9 (RLIN) 10
245 10 - MENCIÓN DE TÍTULO
Título Libros y grabados en el fondo de origen de la Biblioteca Nacional
Mención de responsabilidad, etc. Eduardo Báez Macías, Jorge Guerra Ruiz y Judith Puente León.
260 ## - PUBLICACIÓN, DISTRIBUCIÓN, ETC.
Lugar de publicación, distribución, etc. México
Nombre del editor, distribuidor, etc. UNAM
Fecha de publicación, distribución, etc. 1988
300 ## - DESCRIPCIÓN FÍSICA
Extensión 40 p.
Otras características físicas il.
Dimensiones 23 cm.
440 #0 - MENCIÓN DE SERIE/PUNTO DE ACCESO ADICIONAL--TÍTULO
Título Cuadernos de historia del arte
Designación de volumen o secuencia 33
9 (RLIN) 11
500 ## - NOTA GENERAL
Nota general Incluye 58 láminas de grabados y 30 láminas de marcas de impresor
500 ## - NOTA GENERAL
Nota general Incluye índice de impresores y grabadores
650 14 - PUNTO DE ACCESO ADICIONAL DE MATERIA--TÉRMINO DE MATERIA
Término de materia o nombre geográfico como elemento de entrada Grabados
Subdivisión de forma Catálogos
Subdivisión geográfica México
9 (RLIN) 12
650 14 - PUNTO DE ACCESO ADICIONAL DE MATERIA--TÉRMINO DE MATERIA
Término de materia o nombre geográfico como elemento de entrada Grabados
Subdivisión de forma Bibliografía
Subdivisión geográfica México
9 (RLIN) 13
653 0# - TÉRMINO DE INDIZACIÓN--NO CONTROLADO
Término no controlado Colección Biblioteca Nacional de México
700 1# - PUNTO DE ACCESO ADICIONAL--NOMBRE DE PERSONA
Nombre de persona Guerra Ruiz, Jorge
9 (RLIN) 14
700 1# - PUNTO DE ACCESO ADICIONAL--NOMBRE DE PERSONA
Nombre de persona Puente León, Judith
9 (RLIN) 15
942 ## - ELEMENTOS DE PUNTO DE ACCESO ADICIONAL (KOHA)
Fuente del sistema de clasificación o colocación Library of Congress Classification
Tipo de ítem Koha Libros
Holdings
Estado de retiro Estado de pérdida Estado dañado No para préstamo Localización permanente Ubicación/localización actual Fecha de adquisición Total de préstamos Signatura topográfica completa Código de barras Fecha visto por última vez Precio válido a partir de Tipo de ítem Koha
El ejemplar forma parte de la colección y puede ser consultado según las políticas vigentes.       Biblioteca del Museo Franz Mayer (Rogerio Casas-Alatriste) Biblioteca del Museo Franz Mayer (Rogerio Casas-Alatriste) 24/06/2008   Z5949 .B34 1988 00003_1 23/03/2019 23/03/2019 Libros